Attori presenti nei film di Wes Anderson - Statistics

Statistiche generali
  • Questo quiz è stato fatto 48 volte
  • Il punteggio medio è 9 su 20
Answers on the Grid
Answers color-coded by a green-red scale on the quiz's grid according to % correct below.
Adrien Brody
Al Pacino
Alec Baldwin
Angelina Jolie
Anne Hathaway
Ben Stiller
Benedict Cumberbatch
Benicio Del Toro
Bill Murray
Brad Pitt
Bruce Willis
Bryan Cranston
Cate Blanchett
Chris Hemsworth
Christian Bale
Denzel Washington
Edward Norton
Emma Stone
Gene Hackman
George Clooney
Jennifer Lawrence
Joaquin Phoenix
Johnny Depp
Jude Law
Julia Roberts
Kate Winslet
Leonardo DiCaprio
Margot Robbie
Meryl Streep
Morgan Freeman
Nicole Kidman
Owen Wilson
Robert De Niro
Ryan Gosling
Samuel L. Jackson
Scarlett Johansson
Timothée Chalamet
Tom Hanks
Tom Hardy
Willem Dafoe
 
Statistiche sulle risposte
Risposta % Corretto
Adrien Brody
86%
Benedict Cumberbatch
72%
Bill Murray
69%
Benicio Del Toro
62%
Bryan Cranston
62%
Owen Wilson
52%
Willem Dafoe
52%
Ben Stiller
48%
Scarlett Johansson
48%
Timothée Chalamet
45%
Cate Blanchett
38%
Edward Norton
38%
Gene Hackman
38%
Tom Hanks
34%
Jude Law
28%
Bruce Willis
24%
Margot Robbie
24%
Alec Baldwin
17%
George Clooney
10%
Meryl Streep
10%
Nessun quiz corrispondente trovato
Distribuzione punteggi
Percentuale di utenti per punteggio
Percentile per numero di risposta
I tuoi punteggi nel tempo
Non hai fatto questo quiz